[Event "September Lviv Tradition (IM-group A)"]
[Site "Lviv"]
[Date "2017.09.28"]
[Round "5.5"]
[White "Bykovskiy, Oleg"]
[Black "Nester, Ihor"]
[Result "1/2-1/2"]
[WhiteElo "2349"]
[BlackElo "2369"]
[PlyCount "97"]
[EventDate "2017.??.??"]
[EventType "tourn (corr)"]
[EventRounds "9"]

1. e4 e5 2. Nf3 Nc6 3. d4 exd4 4. Nxd4 Nf6 5. Nc3 Bb4 6. Nxc6 bxc6 7. Bd3 d5 8.
exd5 cxd5 9. O-O O-O 10. Bg5 c6 11. Qf3 Be7 12. Rfe1 Re8 13. h3 h6 14. Bh4 Rb8
15. Rab1 Rb4 16. Bg3 Be6 17. a3 Rb7 18. Ne2 Qa5 19. b4 Qb6 20. c3 Ne4 21. Bxe4
dxe4 22. Qxe4 Bd5 23. Qc2 Bf6 24. Nf4 Rbe7 25. Rxe7 Rxe7 26. Nxd5 cxd5 27. Qd3
Qc6 28. Rd1 Bxc3 29. Qxd5 Qa4 30. Kh2 Bb2 31. Rd3 Re2 32. Qf5 g6 33. Qf3 Re6
34. Rb3 Bd4 35. Qd5 Bb6 36. Rc3 Qe8 37. a4 Rf6 38. Qb7 Qe1 39. Qb8+ Kh7 40. Rc8
g5 41. Rh8+ Kg6 42. Rg8+ Kh5 43. Qc8 Qxb4 44. Qd7 Qd4 45. Qxd4 Bxd4 46. f3 Rg6
47. Rd8 Bb6 48. Be5 Re6 49. g4+ 1/2-1/2

[Event "September Lviv Tradition (IM-group A)"]
[Site "Lviv"]
[Date "2017.09.29"]
[Round "6.1"]
[White "Anwesh, Upadhyaya"]
[Black "Nester, Ihor"]
[Result "0-1"]
[WhiteElo "2385"]
[BlackElo "2369"]
[PlyCount "108"]
[EventDate "2017.??.??"]
[EventType "tourn (corr)"]
[EventRounds "9"]

1. e4 e5 2. Nf3 Nc6 3. Bb5 a6 4. Ba4 Nf6 5. O-O Be7 6. Re1 b5 7. Bb3 d6 8. c3
O-O 9. h3 Nb8 10. d4 Nbd7 11. dxe5 dxe5 12. Bg5 Bb7 13. Nbd2 Nc5 14. Nxe5 Nfxe4
15. Nxe4 Nxe4 16. Qxd8 Bxd8 17. Bf4 Nc5 18. Rad1 g5 19. Bg3 Nxb3 20. axb3 Re8
21. Nd7 Rxe1+ 22. Rxe1 f6 23. Nc5 Bd5 24. b4 c6 25. Bd6 Kf7 26. Nb7 Be6 27. Bc5
Bc7 28. Bd4 Bd5 29. Bc5 Be6 30. Bd4 Bd5 31. Ra1 h5 32. Nc5 Bb6 33. Rxa6 Rxa6
34. Nxa6 Bxd4 35. cxd4 Ke6 36. f3 Ba2 37. Nc5+ Kd5 38. Ne4 Kxd4 39. Nxf6 Bf7
40. g4 hxg4 41. fxg4 Bg6 42. Nd7 Be8 43. Nb6 Ke5 44. Kf2 Kd6 45. Ke3 Kc7 46.
Na8+ Kb7 47. Ke4 Bg6+ 48. Ke5 Bd3 49. Kf6 Bf1 50. Kxg5 Bxh3 51. Kf4 Kxa8 52. g5
Kb7 53. Ke5 Kc7 54. g6 Kd7 0-1

[Event "September Lviv Tradition (IM-group A)"]
[Site "Lviv"]
[Date "2017.09.29"]
[Round "6.2"]
[White "Prydun, Andriy"]
[Black "Bykovskiy, Oleg"]
[Result "0-1"]
[WhiteElo "2097"]
[BlackElo "2349"]
[PlyCount "88"]
[EventDate "2017.??.??"]
[EventType "tourn (corr)"]
[EventRounds "9"]

1. e4 g6 2. d4 Nf6 3. e5 Nh5 4. Nc3 d6 5. Be3 Ng7 6. Nf3 Nc6 7. Bc4 Na5 8. Bd3
Bf5 9. O-O d5 10. b4 Nc4 11. Bxc4 dxc4 12. Nd2 Be6 13. Qe2 Nf5 14. Rad1 Nxd4
15. Bxd4 Qxd4 16. Nb5 Qb6 17. Nxc4 Bxc4 18. Qxc4 c6 19. e6 f6 20. Qd3 Rd8 21.
Qe3 cxb5 22. Rxd8+ Qxd8 23. Qxa7 Bh6 24. Qxb7 O-O 25. Qxb5 Qd6 26. Qc4 Bd2 27.
b5 Ba5 28. h4 Bc7 29. g3 f5 30. f4 Rd8 31. Kg2 Qb6 32. Rf2 Qb7+ 33. Kh3 Bb6 34.
Rg2 Rd1 35. Kh2 Qf3 36. Qe2 Qxe2 37. Rxe2 Rb1 38. a4 Rb4 39. Rd2 Rxa4 40. Rd7
Ra7 41. c4 Kg7 42. Rd5 Rc7 43. h5 Rxc4 44. Rd7 Rc7 0-1

[Event "September Lviv Tradition (IM-group A)"]
[Site "Lviv"]
[Date "2017.09.29"]
[Round "6.3"]
[White "Sevostianov, Pavel"]
[Black "Kyrychenko, Maryan"]
[Result "1-0"]
[WhiteElo "2248"]
[BlackElo "2209"]
[PlyCount "71"]
[EventDate "2017.??.??"]
[EventType "tourn (corr)"]
[EventRounds "9"]

1. g3 d5 2. Bg2 Nf6 3. d3 c5 4. Nd2 Nc6 5. Ngf3 Bg4 6. c3 e6 7. a3 Be7 8. b4 a6
9. Rb1 Qd7 10. Nb3 c4 11. Nc5 Bxc5 12. bxc5 cxd3 13. exd3 O-O 14. h3 Bxf3 15.
Qxf3 e5 16. O-O e4 17. Qd1 exd3 18. Qxd3 Rfe8 19. Rd1 h6 20. Bf4 Rad8 21. c4
dxc4 22. Qxd7 Rxd7 23. Rxd7 Nxd7 24. Rxb7 Nde5 25. Be3 Na5 26. Rb1 Nd3 27. c6
Rc8 28. c7 Nb3 29. Be4 Ne5 30. Bf4 f6 31. Bd5+ Kh7 32. Bxc4 Nd2 33. Bd3+ g6 34.
Bxd2 Nf3+ 35. Kg2 Nxd2 36. Rc1 1-0

[Event "September Lviv Tradition (IM-group A)"]
[Site "Lviv"]
[Date "2017.09.29"]
[Round "6.4"]
[White "Molchanov, Oleksii"]
[Black "Goluch, Piotr"]
[Result "0-1"]
[WhiteElo "2326"]
[BlackElo "2275"]
[PlyCount "128"]
[EventDate "2017.??.??"]
[EventType "tourn (corr)"]
[EventRounds "9"]

1. c4 e5 2. g3 Nf6 3. Bg2 d5 4. cxd5 Nxd5 5. Nc3 Nb6 6. Nf3 Nc6 7. O-O Be7 8.
a3 O-O 9. b4 Be6 10. d3 Nd4 11. Nd2 c6 12. e3 Nb5 13. Ndb1 Nxc3 14. Nxc3 a5 15.
b5 cxb5 16. Nxb5 Qd7 17. a4 Rfd8 18. Bb2 f6 19. d4 Bc4 20. dxe5 Qxd1 21. Rfxd1
Rxd1+ 22. Rxd1 Nxa4 23. Ba3 Bb4 24. Bxb7 Rb8 25. Bxb4 axb4 26. Nd6 Nc3 27. Rd2
Be6 28. f4 fxe5 29. f5 Bf7 30. Rc2 Kf8 31. g4 Ke7 32. Rd2 b3 33. g5 b2 34. f6+
Ke6 35. Rxb2 Kxd6 36. fxg7 Ke7 37. Rc2 Rxb7 38. Rxc3 Bg8 39. Kf2 Kd6 40. e4
Rxg7 41. h4 Be6 42. Rd3+ Ke7 43. Ra3 Rf7+ 44. Ke3 Bd7 45. Ra6 Bg4 46. Ra5 Rf3+
47. Kd2 Kd6 48. Ra6+ Kc5 49. Ra7 Kd4 50. Ra4+ Kc5 51. Ra7 Rg3 52. Ra5+ Kd6 53.
Ra6+ Ke7 54. Rh6 Bf3 55. Rxh7+ Kd6 56. Ke3 Bh1+ 57. Kf2 Rg4 58. Rh6+ Kc5 59. g6
Bxe4 60. h5 Kd4 61. Rh8 Rg2+ 62. Kf1 Ke3 63. Rf8 Rg5 64. Ke1 Bd3 0-1

[Event "September Lviv Tradition (IM-group A)"]
[Site "Lviv"]
[Date "2017.09.29"]
[Round "6.5"]
[White "Kryvoruchko, Vita"]
[Black "Praczukowski, Stanislaw"]
[Result "0-1"]
[WhiteElo "2166"]
[BlackElo "2091"]
[PlyCount "100"]
[EventDate "2017.??.??"]
[EventType "tourn (corr)"]
[EventRounds "9"]

1. d4 Nf6 2. c4 e6 3. Nc3 d5 4. Nf3 Nbd7 5. Bg5 Be7 6. e3 h6 7. Bh4 O-O 8. Qc2
c5 9. cxd5 Nxd5 10. Bxe7 Qxe7 11. Nxd5 exd5 12. dxc5 Nxc5 13. Be2 Be6 14. O-O
Rac8 15. Rac1 d4 16. Nxd4 Nb3 17. axb3 Rxc2 18. Rxc2 Rc8 19. Rfc1 Rxc2 20. Rxc2
Qb4 21. Nxe6 fxe6 22. Rc8+ Kf7 23. Bc4 b5 24. Rb8 a6 25. g3 Qd2 26. Bf1 Qxb2
27. Rb7+ Kf6 28. Rb6 Qxb3 29. Rxa6 b4 30. Rb6 Qb1 31. Kg2 b3 32. Rb4 b2 33. Rd4
e5 34. Bd3 Qxd3 35. Rxd3 b1=Q 36. Rd6+ Ke7 37. Rd2 h5 38. h3 g5 39. Kh2 Qf1 40.
Rb2 Ke6 41. e4 g4 42. h4 Kd6 43. Rd2+ Kc5 44. Rd5+ Kc4 45. Rd2 Kc3 46. Ra2 Kb3
47. Rd2 Qe1 48. Rd8 Qxf2+ 49. Kh1 Qf1+ 50. Kh2 Qh3+ 0-1

[Event "September Lviv Tradition (IM-group A)"]
[Site "Lviv"]
[Date "2017.09.29"]
[Round "7.1"]
[White "Praczukowski, Stanislaw"]
[Black "Anwesh, Upadhyaya"]
[Result "0-1"]
[WhiteElo "2091"]
[BlackElo "2385"]
[PlyCount "102"]
[EventDate "2017.??.??"]
[EventType "tourn (corr)"]
[EventRounds "9"]

1. e4 c6 2. d4 g6 3. Nc3 d5 4. e5 Bg7 5. f4 h5 6. Nf3 Nh6 7. Bd3 Bg4 8. h3 Bxf3
9. Qxf3 e6 10. O-O Nf5 11. Ne2 h4 12. a4 Nd7 13. a5 Qc7 14. Bd2 Bf8 15. c4 dxc4
16. Bxc4 a6 17. Qb3 Be7 18. Rac1 O-O 19. Bd3 Rad8 20. Kh1 Qb8 21. Rfd1 Rfe8 22.
Bxf5 exf5 23. Bb4 Bxb4 24. Qxb4 Nf8 25. Qe1 Rd5 26. Qxh4 Rxa5 27. Qe1 Rb5 28.
b4 Ne6 29. Rc4 Qd8 30. Nc3 Nxf4 31. Nxb5 axb5 32. Rc2 Nd5 33. Re2 Qe7 34. Rb1
Kg7 35. Ra2 Nf4 36. Qg3 Ne6 37. d5 cxd5 38. Ra5 Nd4 39. Qd3 Qxe5 40. Rd1 Ne2
$11 41. Qxd5 Qf4 42. Qd6 $11 Re5 43. Qd2 Qf2 44. Kh2 Re3 45. Qb2+ Kh7 46. Ra3
Qf4+ 47. Kh1 Ng3+ 48. Kg1 Re2 49. Qd4 Re1+ 50. Kh2 Nf1+ 51. Kg1 Nd2+ 0-1

[Event "September Lviv Tradition (IM-group A)"]
[Site "Lviv"]
[Date "2017.09.29"]
[Round "7.2"]
[White "Goluch, Piotr"]
[Black "Kryvoruchko, Vita"]
[Result "1-0"]
[WhiteElo "2275"]
[BlackElo "2166"]
[PlyCount "79"]
[EventDate "2017.??.??"]
[EventType "tourn (corr)"]
[EventRounds "9"]

1. d4 Nf6 2. Nf3 e6 3. c4 d5 4. g3 dxc4 5. Bg2 a6 6. O-O Nc6 7. Nc3 Rb8 8. e4
Be7 9. Qe2 Nxd4 10. Nxd4 Qxd4 11. Rd1 Qc5 12. e5 Nd7 13. Ne4 Qxe5 14. Bf4 Qa5
15. Qxc4 e5 16. Bg5 f6 17. Bd2 Qb5 18. Qxc7 O-O 19. Bc3 Qc6 20. Qxc6 bxc6 21.
Nd6 Bxd6 22. Rxd6 c5 23. Rad1 Nb6 24. Ba5 Bg4 25. R1d2 Nc8 26. Rxa6 Ne7 27. Ra7
Rfe8 28. a4 Be6 29. Rb7 Rxb7 30. Bxb7 Bb3 31. Bb6 Bxa4 32. Bxc5 Nc6 33. Rd6 Ne7
34. b4 h5 35. Ba6 h4 36. Re6 Ra8 37. Bc4 Kh8 38. Rxe7 Bc6 39. Ra7 Rd8 40. Ra1
1-0

[Event "September Lviv Tradition (IM-group A)"]
[Site "Lviv"]
[Date "2017.09.29"]
[Round "7.3"]
[White "Kyrychenko, Maryan"]
[Black "Molchanov, Oleksii"]
[Result "0-1"]
[WhiteElo "2209"]
[BlackElo "2326"]
[PlyCount "106"]
[EventDate "2017.??.??"]
[EventType "tourn (corr)"]
[EventRounds "9"]

1. e4 c5 2. Nc3 e6 3. f4 Nc6 4. Nf3 a6 5. Be2 d5 6. d3 g6 7. O-O Bg7 8. Kh1
Nge7 9. Na4 b6 10. c4 d4 11. b3 O-O 12. Bd2 Bd7 13. a3 a5 14. Qc2 e5 15. fxe5
Nxe5 16. Bg5 N7c6 17. Qd2 f6 18. Bh4 Ra7 19. Rae1 g5 20. Bg3 Ng6 21. Bd1 Bc8
22. Ng1 Nge5 23. Bh5 Ng4 24. Bxg4 Bxg4 25. h3 Bh5 26. h4 h6 27. Nh3 Raf7 28.
Bh2 Bg4 29. Nf2 Bc8 30. Qe2 f5 31. exf5 gxh4 32. Ne4 Rxf5 33. Rxf5 Bxf5 34. Nd6
Bg6 35. Qe6+ Kh7 36. Nb7 Qf6 37. Qxf6 Rxf6 38. Nxb6 Bxd3 39. Nxc5 Rf1+ 40. Rxf1
Bxf1 41. Kg1 Be2 42. Kf2 d3 43. Ne6 Bg4 44. Ke3 Bxe6 45. Kxd3 Bf5+ 46. Kd2 Bf8
47. a4 Bb4+ 48. Kc1 Be4 49. g4 h3 50. Nd5 Bxd5 51. cxd5 Nd4 52. d6 Nxb3+ 53.
Kb2 Nc5 0-1

[Event "September Lviv Tradition (IM-group A)"]
[Site "Lviv"]
[Date "2017.09.29"]
[Round "7.4"]
[White "Bykovskiy, Oleg"]
[Black "Sevostianov, Pavel"]
[Result "0-1"]
[WhiteElo "2349"]
[BlackElo "2248"]
[PlyCount "72"]
[EventDate "2017.??.??"]
[EventType "tourn (corr)"]
[EventRounds "9"]

1. e4 e6 2. b3 b6 3. Bb2 Bb7 4. Nc3 d5 5. exd5 exd5 6. Qf3 Nf6 7. O-O-O Be7 8.
Nge2 O-O 9. Ng3 Bc8 10. Nh5 Be6 11. Bd3 Nxh5 12. Qxh5 g6 13. Qf3 Nc6 14. Ne2
Nb4 15. Nf4 Bf6 16. c3 Nxd3+ 17. Qxd3 Re8 18. Rde1 Qd6 19. Qf3 Bg7 20. h4 h6
21. g4 c6 22. d4 Bd7 23. h5 g5 24. Ng2 a5 25. Ne3 Re4 26. Rhg1 Rae8 27. Kd2 Qe6
28. Qd1 Qd6 29. Qf3 c5 30. dxc5 bxc5 31. Nf5 Bxf5 32. Qxf5 Be5 33. Qf3 Bf4+ 34.
Kd1 Qe6 35. Qh1 Re2 36. a4 d4 0-1

[Event "September Lviv Tradition (IM-group A)"]
[Site "Lviv"]
[Date "2017.09.29"]
[Round "7.5"]
[White "Nester, Ihor"]
[Black "Prydun, Andriy"]
[Result "1-0"]
[WhiteElo "2369"]
[BlackElo "2097"]
[PlyCount "63"]
[EventDate "2017.??.??"]
[EventType "tourn (corr)"]
[EventRounds "9"]

1. Nf3 d5 2. d4 Nf6 3. c4 e6 4. g3 Nbd7 5. Qc2 Bb4+ 6. Bd2 a5 7. a3 Be7 8. Bg2
O-O 9. O-O c6 10. Bf4 Ne4 11. Nbd2 f5 12. Ne5 Nxe5 13. Bxe5 Nxd2 14. Qxd2 Bd6
15. Bxd6 Qxd6 16. Qc3 Bd7 17. e3 b5 18. cxb5 cxb5 19. Rfc1 Rfc8 20. Qd2 Qb6 21.
b4 axb4 22. Qxb4 Ra4 23. Rxc8+ Bxc8 24. Qe7 Qc6 25. Bf1 h6 26. Be2 Qd7 27. Qc5
Ba6 28. Rc1 Kh7 29. h4 Kg8 30. Qb6 Rxa3 31. Qb8+ Kh7 32. Rc7 1-0

[Event "September Lviv Tradition (IM-group A)"]
[Site "Lviv"]
[Date "2017.09.30"]
[Round "8.1"]
[White "Anwesh, Upadhyaya"]
[Black "Prydun, Andriy"]
[Result "1/2-1/2"]
[WhiteElo "2385"]
[BlackElo "2097"]
[PlyCount "88"]
[EventDate "2017.??.??"]
[EventType "tourn (corr)"]
[EventRounds "9"]

1. g3 d5 2. Nf3 c5 3. c4 Nf6 4. Bg2 e6 5. cxd5 exd5 6. d4 Nc6 7. O-O cxd4 8.
Nxd4 Be7 9. Nc3 O-O 10. Bg5 Be6 11. Qa4 Qb6 12. Nxc6 bxc6 13. Qc2 Rac8 14. Rac1
h6 15. Bxf6 Bxf6 16. Rfd1 Rfd8 17. b3 Bd4 18. Na4 Bxf2+ 19. Kf1 Qe3 20. Rd3 Qg5
21. Kxf2 Bf5 22. Qd2 Bxd3 23. Qxg5 hxg5 24. exd3 Kf8 25. d4 Ke7 26. Re1+ Kd6
27. Nc5 Re8 28. Rc1 Re7 29. Nd3 Rce8 30. Bf3 g4 31. Bg2 Re2+ 32. Kg1 Rd2 33.
Bf1 a5 34. a4 f6 35. Nc5 Kc7 36. Bb5 Rc8 37. Bd3 Rh8 38. Re1 Rhxh2 39. Re7+ Kd8
40. Rd7+ Kc8 41. Ba6+ Kb8 42. Rxg7 Rdg2+ 43. Kf1 Rc2 44. Kg1 Rcg2+ $11 1/2-1/2

[Event "September Lviv Tradition (IM-group A)"]
[Site "Lviv"]
[Date "2017.09.30"]
[Round "8.2"]
[White "Sevostianov, Pavel"]
[Black "Nester, Ihor"]
[Result "1/2-1/2"]
[WhiteElo "2248"]
[BlackElo "2369"]
[PlyCount "148"]
[EventDate "2017.??.??"]
[EventType "tourn (corr)"]
[EventRounds "9"]

1. Nf3 f5 2. d3 d6 3. Nc3 e5 4. e4 Nc6 5. exf5 Bxf5 6. h3 Nf6 7. d4 Nb4 8. Bb5+
c6 9. Ba4 e4 10. g4 Bd7 11. Nh4 Qe7 12. g5 Nfd5 13. Nxd5 Nxd5 14. c4 Nb4 15.
Bc2 Nxc2+ 16. Qxc2 g6 17. Be3 Bg7 18. O-O-O O-O 19. Ng2 c5 20. dxc5 dxc5 21.
Nf4 Bc6 22. Nd5 Qe5 23. h4 b6 24. h5 Rad8 25. hxg6 hxg6 26. Nf6+ Bxf6 27. gxf6
Rxd1+ 28. Qxd1 Qxf6 29. Qg4 Qf5 30. Qg3 Qe6 31. Kb1 Rf7 32. Rh6 Rg7 33. Qh4 Qd7
34. Rh8+ Kf7 35. Qf4+ Ke6 36. Qg4+ Kf7 37. Qf4+ Ke6 38. b3 Qd1+ 39. Kb2 Qf3 40.
Qb8 Qf6+ 41. Ka3 Qe5 42. Qc8+ Bd7 43. Qa8 a5 44. Qb7 Kf5 45. Rf8+ Kg4 46. Qxb6
a4 47. Qxc5 Qxc5+ 48. Bxc5 axb3 49. axb3 Bf5 50. b4 Be6 51. Kb3 Rc7 52. Rf6 Bf7
53. Kc3 Kg5 54. Ra6 Kf5 55. Kd4 g5 56. b5 g4 57. b6 Rb7 58. Kc3 Ke5 59. Ra8 Kf4
60. Be3+ Kf3 61. Rh8 Ke2 62. Bd4 Rd7 63. c5 Bd5 64. Rh5 e3 65. Bxe3 g3 66. fxg3
Kxe3 67. Re5+ Be4 68. c6 Rd6 69. Kb4 Rxc6 70. Kb5 Rc1 71. b7 Rb1+ 72. Ka6 Rxb7
73. Rxe4+ Kxe4 74. Kxb7 Kf3 1/2-1/2

[Event "September Lviv Tradition (IM-group A)"]
[Site "Lviv"]
[Date "2017.09.30"]
[Round "8.3"]
[White "Molchanov, Oleksii"]
[Black "Bykovskiy, Oleg"]
[Result "1-0"]
[WhiteElo "2326"]
[BlackElo "2349"]
[PlyCount "97"]
[EventDate "2017.??.??"]
[EventType "tourn (corr)"]
[EventRounds "9"]

1. c4 c5 2. Nf3 Nf6 3. Nc3 d5 4. cxd5 Nxd5 5. g3 Nc6 6. Bg2 Nc7 7. O-O g6 8. b3
Bg7 9. Bb2 O-O 10. Rc1 b6 11. Na4 Bb7 12. Bxg7 Kxg7 13. Ne5 Nxe5 14. Bxb7 Rb8
15. Bg2 Nb5 16. Nc3 Nd4 17. f4 Nd7 18. e3 Nf5 19. Nb5 a6 20. Na7 Qc7 21. Nc6
Rbe8 22. Qe2 a5 23. d4 Nd6 24. Rfd1 Nb7 25. a3 Nb8 26. Ne5 Rc8 27. dxc5 bxc5
28. Rc3 Rfd8 29. Rdc1 Nd7 30. Nd3 Qb6 31. Nb2 Nd6 32. Na4 Qa7 33. Kh1 f6 34. e4
e5 35. Rd1 Nf7 36. Bh3 Rb8 37. Rd5 Nb6 38. Nxb6 Qxb6 39. Rdxc5 exf4 40. gxf4
Qd6 41. e5 fxe5 42. fxe5 Qd1+ 43. Qxd1 Rxd1+ 44. Kg2 Re1 45. e6 Nd6 46. Rd3 Nf5
47. Bxf5 gxf5 48. Rxa5 Rxe6 49. Rxf5 1-0

[Event "September Lviv Tradition (IM-group A)"]
[Site "Lviv"]
[Date "2017.09.30"]
[Round "8.4"]
[White "Kryvoruchko, Vita"]
[Black "Kyrychenko, Maryan"]
[Result "0-1"]
[WhiteElo "2166"]
[BlackElo "2209"]
[PlyCount "122"]
[EventDate "2017.??.??"]
[EventType "tourn (corr)"]
[EventRounds "9"]

1. d4 Nf6 2. c4 e6 3. Nc3 Bb4 4. f3 d5 5. a3 Bxc3+ 6. bxc3 O-O 7. e3 Re8 8. Bd3
c5 9. Ne2 b6 10. O-O Ba6 11. cxd5 Bxd3 12. Qxd3 exd5 13. Ng3 Nc6 14. Bb2 Rc8
15. Rad1 cxd4 16. cxd4 Na5 17. e4 Qc7 18. e5 Qc2 19. exf6 Qxb2 20. Rf2 Qc3 21.
Qb1 g6 22. f4 Nc4 23. Nf1 Nd6 24. Rf3 Qc6 25. Ng3 Ne4 26. Nxe4 dxe4 27. Re3
Rcd8 28. f5 Rd6 29. fxg6 hxg6 30. Rf1 Rxd4 31. Qe1 Rd3 32. Re2 Red8 33. Qh4 Rd1
34. Ree1 Rxe1 35. Qxe1 Re8 36. Qe3 Re6 37. Qd4 Qc5 38. Qxc5 bxc5 39. g4 e3 40.
g5 c4 41. Rc1 Re5 42. h4 Re4 43. Rb1 c3 44. Kf1 Rxh4 45. Rb8+ Kh7 46. Rc8 Rg4
47. Rc7 Rxg5 48. Rxf7+ Kh6 49. Rc7 Rf5+ 50. Ke2 Rxf6 51. Rxc3 Re6 52. Rc7 a6
53. Ra7 g5 54. a4 g4 55. a5 g3 56. Rb7 g2 57. Rb1 Rg6 58. Rg1 Rg3 59. Kd3 Kg5
60. Kc4 Kf4 61. Kc5 Kf3 0-1

[Event "September Lviv Tradition (IM-group A)"]
[Site "Lviv"]
[Date "2017.09.30"]
[Round "8.5"]
[White "Praczukowski, Stanislaw"]
[Black "Goluch, Piotr"]
[Result "1/2-1/2"]
[WhiteElo "2091"]
[BlackElo "2275"]
[PlyCount "61"]
[EventDate "2017.??.??"]
[EventType "tourn (corr)"]
[EventRounds "9"]

1. e4 c6 2. d4 d5 3. exd5 cxd5 4. c4 Nf6 5. Nc3 Nc6 6. Nf3 Bg4 7. cxd5 Nxd5 8.
Qb3 Bxf3 9. gxf3 e6 10. Qxb7 Nxd4 11. Bb5+ Nxb5 12. Qc6+ Ke7 13. Qxb5 Qd7 14.
Bg5+ f6 15. Nxd5+ Qxd5 16. Qxd5 exd5 17. Be3 Ke6 18. O-O-O Bb4 19. a3 Ba5 20.
b4 Bb6 21. Rhe1 Kd6 22. Bf4+ Kc6 23. Re6+ Kb5 24. Rxd5+ Ka4 25. Kb2 Rad8 26.
Red6 Rxd6 27. Rxd6 Bxf2 28. Ra6+ Kb5 29. Rd6 Ka4 30. Ra6+ Kb5 31. Rd6 1/2-1/2

[Event "September Lviv Tradition (IM-group A)"]
[Site "Lviv"]
[Date "2017.10.01"]
[Round "9.1"]
[White "Goluch, Piotr"]
[Black "Anwesh, Upadhyaya"]
[Result "1-0"]
[WhiteElo "2275"]
[BlackElo "2385"]
[PlyCount "63"]
[EventDate "2017.??.??"]
[EventType "tourn (corr)"]
[EventRounds "9"]

1. d4 d5 2. c4 e6 3. Nf3 Nf6 4. Nc3 c6 5. Bg5 Nbd7 6. e3 Qa5 7. cxd5 Nxd5 8.
Qd2 Bb4 9. Rc1 O-O 10. a3 Bxc3 11. bxc3 Qxa3 12. e4 N5b6 13. e5 Re8 14. Bd3 c5
15. O-O cxd4 16. cxd4 Nd5 17. Qe2 a6 18. Rfd1 h6 19. Qe4 f5 20. exf6 N7xf6 21.
Bxf6 Nxf6 22. Qh4 Bd7 23. Ne5 Bb5 24. Bg6 Rec8 25. Bf7+ Kf8 26. Ra1 Qd6 27. Qg3
Rd8 28. Ra3 Be2 29. Re1 Qb4 30. Raa1 Bg4 31. Rab1 Qd2 32. Qa3+ 1-0

[Event "September Lviv Tradition (IM-group A)"]
[Site "Lviv"]
[Date "2017.10.01"]
[Round "9.2"]
[White "Kyrychenko, Maryan"]
[Black "Praczukowski, Stanislaw"]
[Result "1/2-1/2"]
[WhiteElo "2209"]
[BlackElo "2091"]
[PlyCount "84"]
[EventDate "2017.??.??"]
[EventType "tourn (corr)"]
[EventRounds "9"]

1. e4 c5 2. Nc3 d6 3. f4 Nc6 4. Nf3 g6 5. Bb5 Bd7 6. d3 Bg7 7. O-O a6 8. Bxc6
Bxc6 9. Qe1 Nf6 10. Qh4 d5 11. f5 dxe4 12. dxe4 gxf5 13. exf5 Bxf3 14. Rxf3
Qd4+ 15. Qxd4 cxd4 16. Ne2 Nd5 17. Bg5 Rc8 18. Rc1 Rg8 19. g3 Rc6 20. a3 d3 21.
Rxd3 Bxb2 22. Rxd5 Rxg5 23. Rcd1 e6 24. Rd8+ Ke7 25. fxe6 fxe6 26. Nf4 Rc7 27.
R8d3 Re5 28. c4 Rxc4 29. Rd7+ Kf6 30. Rxb7 Rc1 31. Rxc1 Bxc1 32. Nd3 Rd5 33.
Nxc1 Rd1+ 34. Kg2 Rxc1 35. Rb6 Rc2+ 36. Kh3 a5 37. Rb5 e5 38. Rxa5 h5 39. g4
hxg4+ 40. Kxg4 Rxh2 41. Ra6+ Ke7 42. Kf5 Re2 1/2-1/2

[Event "September Lviv Tradition (IM-group A)"]
[Site "Lviv"]
[Date "2017.10.01"]
[Round "9.3"]
[White "Bykovskiy, Oleg"]
[Black "Kryvoruchko, Vita"]
[Result "1/2-1/2"]
[WhiteElo "2349"]
[BlackElo "2166"]
[PlyCount "100"]
[EventDate "2017.??.??"]
[EventType "tourn (corr)"]
[EventRounds "9"]

1. c3 d5 2. Nf3 Nf6 3. g3 e6 4. Bg2 Be7 5. O-O O-O 6. d3 b6 7. Nbd2 Bb7 8. Ne5
Nbd7 9. Nxd7 Qxd7 10. e4 dxe4 11. dxe4 e5 12. Qe2 a5 13. Rd1 Rfd8 14. Re1 a4
15. Nc4 Qe6 16. f3 Ba6 17. Bf1 Bc5+ 18. Kg2 h6 19. b3 axb3 20. axb3 Bxc4 21.
Rxa8 Rxa8 22. Qxc4 Ra2+ 23. Kh1 Qxc4 24. Bxc4 Rc2 25. Be3 Rxc3 26. Bxc5 bxc5
27. Kg2 Ne8 28. f4 exf4 29. gxf4 Nd6 30. Bd5 c4 31. bxc4 Nxc4 32. Kf2 Nb6 33.
Ba2 Rc2+ 34. Re2 Rxe2+ 35. Kxe2 Kf8 36. Kd3 Ke7 37. Kd4 Nd7 38. e5 f6 39. h4 h5
40. Bb3 Nf8 41. f5 fxe5+ 42. Kxe5 Nd7+ 43. Kf4 Kf6 44. Bd1 g6 45. fxg6 Kxg6 46.
Bc2+ Kh6 47. Kf5 Nb6 48. Ke5 Nd7+ 49. Ke6 Nb6 50. Ke5 Nd7+ 1/2-1/2

[Event "September Lviv Tradition (IM-group A)"]
[Site "Lviv"]
[Date "2017.10.01"]
[Round "9.4"]
[White "Nester, Ihor"]
[Black "Molchanov, Oleksii"]
[Result "0-1"]
[WhiteElo "2369"]
[BlackElo "2326"]
[PlyCount "92"]
[EventDate "2017.??.??"]
[EventType "tourn (corr)"]
[EventRounds "9"]

1. Nf3 c5 2. c4 Nf6 3. Nc3 b6 4. g3 Bb7 5. Bg2 e6 6. O-O d6 7. Re1 a6 8. e4 Be7
9. d4 cxd4 10. Nxd4 Qc7 11. Be3 O-O 12. Rc1 Nbd7 13. f4 Rac8 14. b3 Rfe8 15.
Bf2 Ba8 16. Qe2 e5 17. Nf5 Bf8 18. fxe5 dxe5 19. Nd5 Bxd5 20. exd5 e4 21. g4 g6
22. Nd4 Bd6 23. h3 Nc5 24. Bh4 Nfd7 25. Rf1 Nd3 26. Rcd1 Bc5 27. Rxd3 exd3 28.
Qxd3 Qe5 29. Bf2 Qf4 30. Rd1 Nf6 31. Qf3 Qg5 32. Nc6 Bd6 33. Bxb6 Ne4 34. Bd4
f5 35. gxf5 gxf5 36. Be3 f4 37. Bc1 Rxc6 38. dxc6 Bc5+ 39. Kh1 Nf2+ 40. Kh2
Qg3+ 41. Qxg3+ fxg3+ 42. Kxg3 Nxd1 43. Bf4 Ne3 44. Bd5+ Kf8 45. c7 Nxd5 46.
cxd5 Ke7 0-1

[Event "September Lviv Tradition (IM-group A)"]
[Site "Lviv"]
[Date "2017.10.01"]
[Round "9.5"]
[White "Prydun, Andriy"]
[Black "Sevostianov, Pavel"]
[Result "0-1"]
[WhiteElo "2097"]
[BlackElo "2248"]
[PlyCount "97"]
[EventDate "2017.??.??"]
[EventType "tourn (corr)"]
[EventRounds "9"]

1. e4 e6 2. d4 b6 3. Nc3 Bb7 4. Bd3 Nf6 5. Nge2 c5 6. O-O cxd4 7. Nxd4 d6 8.
Bg5 Nbd7 9. Qe2 h6 10. Bh4 g5 11. Bg3 h5 12. h4 gxh4 13. Bxh4 Be7 14. Rfe1 Rg8
15. Ba6 Qc8 16. Bxb7 Qxb7 17. Rad1 a6 18. f3 Ne5 19. f4 Neg4 20. Qf3 Rc8 21. e5
Qxf3 22. Nxf3 dxe5 23. fxe5 Nd7 24. Bxe7 Kxe7 25. Rd4 Rc5 26. Rde4 Rgc8 27. a4
Nf8 28. Kf1 Ng6 29. Rb4 R8c6 30. Nd4 Rc7 31. Rxb6 N6xe5 32. Rxa6 Nc4 33. Ncb5
Rd7 34. b4 Rxb5 35. Nc6+ Kf6 36. axb5 Rd5 37. b6 Rb5 38. Ke2 Nd6 39. Kd3 Nf2+
40. Kc3 Nfe4+ 41. Kd3 Rd5+ 42. Ke3 Ng3 43. Kf3 h4 44. Na5 Ndf5 45. b7 Rb5 46.
Ra8 Nd4+ 47. Kf2 Rf5+ 48. Kg1 Nde2+ 49. Rxe2 0-1